000 00380 a2200169 4500
001 182986
020 _a85-7319-091-4
040 _cMagnum
100 _aAlmeida, Hugo Ribeiro de
240 1 0 _aJosefina, a girafa metida
_lpor
245 1 0 _aJosefina, a girafa metida
300 _a14
362 0 _a2007
440 1 _aDimensão
697 _aLITERATURA INFANTIL
942 _cBK
999 _c182986
_d182986